| 000 | 00970nam a2200253 a 4500 | ||
|---|---|---|---|
| 001 | 500 | ||
| 003 | BR-CuiBMT | ||
| 005 | 20231127030250.0 | ||
| 008 | 231108s2017 spba 001 0 por d | ||
| 020 | _a9788597011975 | ||
| 040 |
_aBR-CuiBMT _cBR-CuiBMT |
||
| 080 |
_22007 _a34:336.2 |
||
| 090 |
_a34:336.2 _bM149m _c9. ed. |
||
| 100 | 1 |
_aMachado Segundo, Hugo de Brito, _d1978- |
|
| 245 | 1 | 0 |
_aManual de direito tributário / _cHugo de Brito Machado Segundo. |
| 250 | _a9. ed., reform., atual. e ampl. | ||
| 260 |
_aSão Paulo : _bAtlas, _c2017. |
||
| 300 |
_a524 p. : _bil. ; _c24 cm |
||
| 500 | _aInformações retiradas da capa. de acordo com: Regime Especial para Pagamento de Precatórios (EC 94/2016); Novo Regime Fiscal (EC 95/2016); Alterações na Lei do ISS (LC 157/2016). | ||
| 504 | _aInclui bibliografia e índice alfabético-remissivo. | ||
| 650 |
_aDireito tributário _vLegislação _zBrasil |
||
| 650 |
_aDireito financeiro _zBrasil |
||
| 942 |
_2udc _cLV |
||
| 999 |
_c500 _d500 |
||